Statistics for Item Asylum Melees Quiz

Click here to take the quiz!

General Stats

  • This quiz has been taken 64 times
    (58 since last reset)
  • The average score is 48 of 104

Answer Stats

HintAnswer% Correct
AiAir
96%
AxAxe
96%
AlAllusions
92%
AsAssailant
77%
BiBirch Tree
77%
FiFire Axe
77%
FiFish
73%
ShShadow Axe
73%
SmSmile
73%
BaBat
69%
ChChair
69%
JuJudge
69%
BaBanhammer
65%
LaLamp
65%
LeLegion Kata
65%
RuRukiryaxe
65%
StStick
65%
YoYour Eternal Reward
65%
BoBobm on a stick
62%
LoLoadsamoney
62%
SpSpork
62%
BuBuilt Different
58%
BuBuster Sword
58%
PaPainted Sword
58%
PoPoser's Katana
58%
ReReal Knife
58%
ScScythe
58%
ToTorch
58%
TvTv Salesman
58%
BaBackhand Slap
54%
ChChaos Saber
54%
CoComically Large Fork
54%
CoComically Large Knife
54%
CoComically Large Spoon
54%
EyEyelander
54%
KnKnuckle Samwitch
54%
LuLucille
54%
MaMad Murderer
54%
SoSolemn Lament
54%
TaTanto
54%
CaCane
50%
DaDa Capo
50%
LoLondon
50%
NiNight Reaper
50%
ThThe man on a leash
50%
ThThe Sink
50%
DrDragon Slayer
46%
HaHat of Discipline
46%
HoHook Kick
46%
WaWallace's Hammer
46%
BeBelt
42%
BiBig Rock
42%
CrCresendo
42%
CrCroccy Friend
42%
CrCrowbar
42%
DaDarkheart
42%
DiDimmadagger
42%
KaKanabo
42%
KeKeyblade
42%
KiKiller fish from san Diego
42%
KuKuno
42%
SlSlayer's Sword
42%
UnUncle Dane
42%
MaMarketable Port
38%
NeNecromancer's Scythe
38%
PePearl's Scythe
38%
RaRandom Rumble
38%
SeSecare
38%
SkSkateboard
38%
SuSugarcoat
38%
TrTrowel
38%
VaVamparism
38%
WaWand
38%
CuCultist's Sword
35%
EnEnergy Sword
35%
GoGolf Club
35%
TaTactical Fighting Technique
35%
ThThe Dang
35%
DoDollhunter
31%
HaHands of Fire
31%
HeHero Blade
31%
LaLawnmower on a stick
31%
MaMasemune
31%
PoPool Noodle
31%
SwSwitchblade
31%
BoBoard with a nail
27%
CoCompany Weapon
27%
MoMoonwalker
27%
PiPipe
27%
PrPro Golf
27%
ShShine
27%
SpSpy
27%
RuRuler
23%
ScScuffle Hammer
23%
SiSimon's Book
23%
StStarlight
23%
DoDonkey Jawbone
19%
GoGo Mining
19%
ScScimitar
19%
StStop Sign
19%
DiDiamond Tester
15%
ReRebellion
15%
PrProtest
8%
SuSun on a stick
4%

Score Distribution

Percentile by Number Answered

Percent of People with Each Score

Your Score History

You have not taken this quiz since the last reset